000 00830nam a22002897a 4500
001 00749
003 DO-S
005 20220922120515.0
007 00749
008 160711b sp 2008 ||| 00| 0 spa d
020 _a9788497645454
040 _aBPMSU
_bspa
_cBPMSU
082 4 _a843.8
_bV531vu 2008
_222
100 1 _aVerne, Julio.
_e1828-1905
245 1 3 _aLa vuelta al mundo en 80 días /
_cJulio Verne
260 _aMadrid, España :
_bEdimat libros,
_c2008.
300 _a290 p. ;
_c23 cm.
490 0 _aClásicos de la literatura ;
_aNarrativa
500 _3Incluye notas al pie de las páginas
590 _6Inventariado, 2022/VM
650 4 _aNovela francesa
650 4 _aliteratura juvenil
650 4 _aNovela de aventuras
700 _aLovera, José
_eil.
910 _aVMateo V./Validado
942 _2ddc
_cBK
999 _c10695
_d10695